Séries commençant par la lettre E - Statistiques

Statistiques générales
  • Ce quiz a été pris 312 fois
  • Le résultat moyen est 4 sur 9
Statistiques - réponses
Par images Réponse % Correct
Emily in Paris
95%
Elite
91%
Euphoria
80%
Esprits Criminels
49%
Empire
38%
Elena d'Avalor
30%
Engrenages
10%
Eureka
3%
Ezel
1%
Aucun quiz correspondant
Distribution des résultats
% des personnes avec chaque résultat
Percentile par nombre de réponses
Votre historique - résultats
Vous n’avez pas pris ce quiz